Titres de EHX (Ziak) - Statistiques

Statistiques générales
  • Ce quiz a été pris 39 fois
  • Le résultat moyen est 7 sur 25
Statistiques - réponses
Titres % Correct
2 Grabba
64%
1 Capitale risque
55%
3 IOS
50%
8 Belle madame
45%
15 Chassé-croisé
45%
4 Solide
45%
13 La nuit
36%
21 Bad bad
32%
9 Canaries
32%
16 Story
32%
10 Grain de riz
27%
22 La tombe de marley
27%
25 Fin d'une ère
23%
17 Garcon de café
23%
19 Maudit land
18%
20 Rupture
18%
24 J'suis en pétard
14%
5 Lieu et heure
14%
18 Manuel de vengeance
14%
7 Camion de glace ft Jolagreen 23
9%
14 Le peuple de la recharge ft TH
9%
11 Rien ne se remplace ft Kaaris
9%
12 Room ft Josman
9%
23 Sac à mains
9%
6 Zulu ft Zed
9%
Aucun quiz correspondant
Distribution des résultats
% des personnes avec chaque résultat
Percentile par nombre de réponses
Votre historique - résultats
Vous n’avez pas pris ce quiz